000 02186nam a2200325Ia 4500
003 OSt
005 20210413112138.0
008 210310s1977 ag ad gr 000 0 spa d
040 _aCO-JMCR
_cCO-JMCR
041 0 _aspa
082 0 4 _a336.2 /
_bD852a
_223
100 1 _aDue, John Fitzgerald,
_914765
_eautor
245 1 0 _aAnálisis económico de los impuestos y del sector público /
_cJohn F. Due y Ann F. Friedlaendar ; prólogo y notas adicionales por Enrique Jorge Reig ; traducción Juan Jorge Thomas.
250 _aCuarta edición
260 _cBuenos Aires :
_aEditorial El Ateneo,
_b1977
300 _bxvi, 629 páginas :
_ailustraciones y gráficas a blanco y negro ;
_c22 cm.
490 0 _aBiblioteca de Ciencias Económicas.
_aSerie Economía
500 _aTítulo original : Government finance. Economics of the Public Sector
504 _aBibliografía: 625-626
505 0 _aAsignación y distribución: actividades y gastos -- Asignación y distribución: imposición -- Federalismo fiscal -- El impacto general de la estructura fiscal sobre la economía -- Desarrollo económico
520 3 _aEn esta obra se realiza un análisis teórico de los impuestos y de las finanzas publicas, cuyos aspectos económicos se consideran especialmente; pero este enfoque no supone relegar los aspectos administrativos y de técnica legal, que asumen, en determinadas circunstancias, especial relevancia. El volumen es particularmente apto para la enseñanza universitaria, pues meced a la metodología adoptada por los autores, se distingue claramente lo principal de lo accesorio. Esta cualidad permite al estudioso captar sin dificultad las ideas y los problemas básicos, sin que ello implique desdeñar ciertos trabajos o estudios particulares; la notas y las bibliografías son muy eficaces para lograr este meditado equilibrio.
546 _aTraducido del inglés.
650 1 4 _aImpuestos
_914767
650 2 4 _aHacienda pública
_936762
650 2 4 _aPolítica fiscal
_936763
700 1 _aFriedlaender, Ann F.,
_eautor
_936764
700 1 _aReig, Enrique Jorge.,
_eprologuista
_936765
700 1 _aThomas, Juan Jorge,
_etraductor
_91414
942 _2ddc
_cBK
999 _c7554
_d7554